In provements of the heat stability of vulcanizates (Record no. 60925)

MARC details
000 -LEADER
fixed length control field 00448nam a2200169Ia 4500
100 ## - MAIN ENTRY--AUTHOR NAME
Personal name Buding H
245 #0 - TITLE STATEMENT
Title In provements of the heat stability of vulcanizates
260 ## - PUBLICATION, DISTRIBUTION, ETC. (IMPRINT)
Name of publisher Kautschuk Gummi Kunststoffe
Year of publication 2002
300 ## - PHYSICAL DESCRIPTION
Number of Pages 642-645
650 ## - SUBJECT ADDED ENTRY--TOPICAL TERM
Topical Term Biofunctional crosslinker
650 ## - SUBJECT ADDED ENTRY--TOPICAL TERM
Topical Term Reversion
650 ## - SUBJECT ADDED ENTRY--TOPICAL TERM
Topical Term Vulcanisation
700 ## - ADDED ENTRY--PERSONAL NAME
Personal name Jeske W
700 ## - ADDED ENTRY--PERSONAL NAME
Personal name Weidenhaupt H-J
942 ## - ADDED ENTRY ELEMENTS (KOHA)
Koha item type Journals
Holdings
Withdrawn status Lost status Damaged status Not for loan Home library Current library Shelving location Date acquired Serial Enumeration / chronology Koha item type
      Journals RRII Library RRII Library Rubber chemistry 23/05/2003 Volume 55, Issue 12 Journals